000
00245nam a2200097Ia 4500
001
704500
005
20250826162412.0
008
250824s9999 xx 000 0 und d
245
0
_a
SON DÜNYA DÜZENİ
_c
ERHAN AFYONCU
260
_b
YEDİTEPE YAYINLARI
999
_c
704500
_d
704500